• 首页
  • 本馆介绍
  • 公告通知
  • 最新文献
  • 馆藏检索
  • 电子资源
  • 读者导购
  • 参考咨询
  • 我的图书馆
  • 登录
  • 详细信息显示
  • 放入我的书架
  • 预约/预借图书
  • 作者相关作品
  • 分类相关作品
  • 丛书相关作品
  • 出版社相关作品

书目信息

  • 表格格式
  • 工作单格式
  • 卡片格式
题名:
中国思想通史
    
 
作者: 赵纪彬 , 杜国庠 , 侯外庐 著
分册: 第四卷  
出版信息: 北京   人民出版社  1957.03
页数: 594页
开本: 20cm
丛书名:
单 册:
中图分类: B20
科图分类:
主题词: 唯心主义--哲学--中国 , 唯物主义--哲学--中国
电子资源:
ISBN:
000 00720nam0 2200241 45
001 0309271627
005 20060812165750.15
010    @dCNY2.50
091    @a2001.107
100    @a20030927d1957 km y0chiy0120 ea
101 0  @achi
200 1  @a中国思想通史@AZhong Guo Si Xiang Tong Shi@h第四卷@h上@EGu Dai SiXiang@f侯外庐,赵纪彬,杜国庠著@FHou Wai Lu,Zhao Ji Bin,Du Guo Xiang Zhu
210    @a北京@c人民出版社@d1957.03
215    @a594页@d20cm
517    @a古代思想@AGu Dai Si Xiang
606 0  @a唯心主义@x哲学@x中国
606 0  @a唯物主义@x哲学@x中国
690    @aB20@v3
701  0 @a赵纪彬@4著
701  0 @a杜国庠@4著
701  0 @a侯外庐@4著
801    @aCN@bTSTC@c20060812
905    @dB20@e44:4(1)@f1@b36107
    
    中国思想通史.第四卷.上/侯外庐,赵纪彬,杜国庠著.-北京:人民出版社,1957.03
    594页;20cm
    
    
    ISBN :CNY2.50
    
●
相关链接 在E读中查询图书 在五车中查询图书 在当当中查询图书 在豆瓣中查询图书


正题名:中国思想通史     索取号:B20/44:4(1)         预约/预借

序号 登录号 条形码 馆藏地/架位号 状态 备注
1 0458994   204589944   密集书库/ [索取号:B20/44:4(1)] 在馆    
唐山师范学院图书馆 欢迎您!
大连网信软件有限公司© 版权所有